00934nam a2200265Ia 450000500170000000800410001702000150005810000240007324501270009725000180022430000240024249000240026654600350029065000400032565000410036565000420040665000320044870000250048026400290050533600270053433700330056133800280059404000350062208400110065720220317001747.0170328s2001 s g 000 p s  a84751769761 aDorgan, Theod1953-13aLa hija de Safo = (Sappho{thorn}s daughter)cTheo Dorgan ; traducción colectiva de Francisco Castaño... [y otros tres] a1a. edición a60 páginasc20 cm aPoesía Hiperión aTextos en inglés y español142LEMBaPoesía irlandesesySiglo XX142LEMBaLiteratura irlandesaySiglo XX142LEMBaPadres e hijos en la literatura142LEMBaAmor en la literatura1 aCastaño, Francisco aMadridbHiperiónc2001 atextobtxt2rdacontent asin mediaciónbn2rdamedia avolumenbnc2rdacarrier aCO-BoRNBPbspaerdacCO-BoRNBP aP DOR4